| 000 -LEADER | |
|---|---|
| fixed length control field | 00343nam a22001457a 4500 |
| 005 - DATE AND TIME OF LATEST TRANSACTION | |
| control field | 20170621092834.0 |
| 008 - FIXED-LENGTH DATA ELEMENTS--GENERAL INFORMATION | |
| fixed length control field | 170621b xxu||||| |||| 00| 0 eng d |
| 020 ## - INTERNATIONAL STANDARD BOOK NUMBER | |
| ISBN | 81-7965-070-7 |
| 041 ## - LANGUAGE CODE | |
| Language code of text/sound track or separate title | eng |
| 100 ## - MAIN ENTRY--AUTHOR NAME | |
| Personal name | KUMAR, SURESH |
| 245 ## - TITLE STATEMENT | |
| Title | INTERNET PATRAKARITA |
| 260 ## - PUBLICATION, DISTRIBUTION, ETC. (IMPRINT) | |
| Place of publication | NEW DELHI |
| Name of publisher | TAXSHILA PRAKASHAN |
| 300 ## - PHYSICAL DESCRIPTION | |
| Number of Pages | 178 |
| 942 ## - ADDED ENTRY ELEMENTS (KOHA) | |
| Koha item type | Books |
| Lost status | Damaged status | Home library | Current library | Shelving location | Date acquired | Source of acquisition | Cost, normal purchase price | Accession Number | Koha item type | Full call number |
|---|---|---|---|---|---|---|---|---|---|---|
| JRU Library | SHELF-32-H | 21/06/2017 | PURCHESS | 300.00 | 21823 | Books | ||||
| JRU Library | SHELF-31-I | 21/06/2017 | PURCHESS | 300.00 | 21824 | Books | ||||
| JRU Library | SHELF-6-E | 21/06/2017 | PURCHESS | 300.00 | 21825 | Books | 004.6 |